<?xml version="1.0" encoding="UTF-8"?><?xml-stylesheet type="text/xsl" href="static/style.xsl"?><OAI-PMH xmlns="http://www.openarchives.org/OAI/2.0/" xmlns:xsi="http://www.w3.org/2001/XMLSchema-instance" xsi:schemaLocation="http://www.openarchives.org/OAI/2.0/ http://www.openarchives.org/OAI/2.0/OAI-PMH.xsd"><responseDate>2026-06-03T07:33:44Z</responseDate><request verb="GetRecord" identifier="oai:riuma.uma.es:10630/32761" metadataPrefix="marc">https://riuma.uma.es/rest/oai/request</request><GetRecord><record><header><identifier>oai:riuma.uma.es:10630/32761</identifier><datestamp>2026-02-03T11:06:30Z</datestamp><setSpec>com_10630_2254</setSpec><setSpec>col_10630_37953</setSpec></header><metadata><record xmlns="http://www.loc.gov/MARC21/slim" xmlns:dcterms="http://purl.org/dc/terms/" xmlns:doc="http://www.lyncode.com/xoai" xmlns:xsi="http://www.w3.org/2001/XMLSchema-instance" xsi:schemaLocation="http://www.loc.gov/MARC21/slim http://www.loc.gov/standards/marcxml/schema/MARC21slim.xsd">
   <leader>00925njm 22002777a 4500</leader>
   <datafield ind2=" " ind1=" " tag="042">
      <subfield code="a">dc</subfield>
   </datafield>
   <datafield ind2=" " ind1=" " tag="720">
      <subfield code="a">Calderón Vázquez, Francisco José</subfield>
      <subfield code="e">author</subfield>
   </datafield>
   <datafield ind2=" " ind1=" " tag="720">
      <subfield code="a">Ruiz Romero de la Cruz, Elena</subfield>
      <subfield code="e">author</subfield>
   </datafield>
   <datafield ind2=" " ind1=" " tag="720">
      <subfield code="a">Zamarreño Aramendia, Gorka</subfield>
      <subfield code="e">author</subfield>
   </datafield>
   <datafield ind2=" " ind1=" " tag="260">
      <subfield code="c">2023</subfield>
   </datafield>
   <datafield ind2=" " ind1=" " tag="520">
      <subfield code="a">Las opciones de futuro de la frontera hispano-marroquí, y de los territorios españoles en el Norte de África, que conforman uno de los flancos de la frontera sur de la Unión Europea, deben considerar que las soluciones a los conflictos actuales deben tener presente la propia configuración histórica de la frontera, los enfrentamientos que han venido sucediendo y el variado catálogo de funciones desempeñadas desde su origen hasta la actualidad. El estudio aborda desde una perspectiva multidisciplinar, analítica, interpretativa y crítica recurriendo a fuentes originales y a expertos en la materia una visión los elementos de esta relación histórica que marcan actualmente las políticas de seguridad de España y La Unión Europea. Una revisión de la literatura realizada desde diversos campos, políticos, económicos e históricos, que nos lleva a pensar que los grandes desafíos actuales de estos territorios fronterizos deben ser repensados, ofreciendo propuestas dinámicas que beneficien ambos lados del flanco Sur europeo. El cierre de la frontera, el fin del comercio atípico y la clausura de las interacciones transfronterizas de Ceuta y Melilla con los territorios marroquíes colindantes, son hechos que implican, necesariamente su reinvención y esta investigación nos acerca a posibles soluciones dentro de un amplio de relaciones.</subfield>
   </datafield>
   <datafield ind1="8" ind2=" " tag="024">
      <subfield code="a">Calderón-Vázquez. F. J., Ruiz-Romero de la Cruz, E., Zamarreño-Aramendia, G. (2023). España y su frontera sur en el contexto de la Unión Europea: un siglo de conflictos económicos y políticos. RUE: Revista universitaria europea, (38), 175-204.</subfield>
   </datafield>
   <datafield ind1="8" ind2=" " tag="024">
      <subfield code="a">https://hdl.handle.net/10630/32761</subfield>
   </datafield>
   <datafield ind2="0" ind1="0" tag="245">
      <subfield code="a">España y su frontera sur en el contexto de la Unión Europea: un siglo de conflictos económicos y políticos</subfield>
   </datafield>
</record>
</metadata></record></GetRecord></OAI-PMH>